A declaration of the Kings most excellent majesties proceeding with his army at Oxford and elsewhere /

Bibliographic Details
Other Authors: W. C., T. H.
Format: eBook
Language:English
Published: London : Printed for I. Wright ..., 1642.
Series:Early English books online.
Subjects:
Online Access:Connect to the full text of this electronic book

MARC

Tag First Indicator Second Indicator Subfields
LEADER 00000nam a2200000Ia 4500
001 in00004184635
005 20200810072446.0
006 m g d
007 cr bn |||a|bb|
008 850612s1642 enk o 00| | eng d
035 |a (OCoLC)12147373 
040 |a EAA  |c EAA  |d m/c  |d UMI  |d WaOLN 
037 |a CL0037000007  |b ProQuest Information and Learning. 300 N. Zeeb Rd., Ann Arbor, MI 48106 
049 |a UMIA 
245 0 2 |a A declaration of the Kings most excellent majesties proceeding with his army at Oxford and elsewhere /  |c as it was related by a Student from thence. 
260 |a London :  |b Printed for I. Wright ...,  |c 1642. 
300 |a 1 online resource ([8] pages) 
336 |a text  |b txt  |2 rdacontent 
337 |a computer  |b c  |2 rdamedia 
338 |a online resource  |b cr  |2 rdacarrier 
500 |a Madan 1160 dated : Jan. 3, 1643? 
500 |a "The copy of a letter written from a student in Oxford to his friend in London" pages 3-5 is signed: W. C. 
500 |a "The answer to the former letter" pages 5-8 a diatribe against Catholics is signed: T. H. 
500 |a Reproduction of original in Thomason Collection, British Library. 
510 4 |a Wing  |c D695 
510 4 |a Madan  |c 1160 
533 |a Electronic reproduction.  |b Ann Arbor, Mich. :  |c UMI,  |d 1999-  |f (Early English books online)  |n Digital version of: (Early English books, 1641-1700 ; 242:E84, no 12)  |7 s1999 miun s 
650 0 |a Catholics  |z England. 
651 0 |a Great Britain  |x History  |y Civil War, 1642-1649  |v Sources. 
700 0 |a W. C. 
700 0 |a T. H. 
830 0 |a Early English books online. 
856 4 0 |u http://proxy.library.tamu.edu/login?url=https://search.proquest.com/docview/2240935682  |z Connect to the full text of this electronic book  |t 0 
999 f f |s dee4aa0f-ae52-373e-b898-36615b5e3bf3  |i 5b190f8d-0f2b-3a5a-86ff-591577e68734  |t 0 
952 f f |a Texas A&M University  |b College Station  |c Electronic Resources  |d Available Online  |t 0  |h No information provided 
998 f f |t 0  |l Available Online